फिर मैं फिर से फिर कर आता (Record no. 3330)

MARC details
000 -LEADER
fixed length control field 01096 a2200241 4500
005 - DATE AND TIME OF LATEST TRANSACTION
control field 20080911113835.0
008 - FIXED-LENGTH DATA ELEMENTS--GENERAL INFORMATION
fixed length control field 080911t xxu||||| |||| 00| 0 hin d
010 ## - LIBRARY OF CONGRESS CONTROL NUMBER
LC control number HIN-79630
020 ## - INTERNATIONAL STANDARD BOOK NUMBER
Terms of availability 95.00
International Standard Book Number 8186440178
035 ## - SYSTEM CONTROL NUMBER
System control number HN-51976
037 ## - SOURCE OF ACQUISITION
Source of stock number/acquisition D.B.Act / pub
082 ## - DEWEY DECIMAL CLASSIFICATION NUMBER
Classification number 821
100 ## - MAIN ENTRY--PERSONAL NAME
Personal name शर्मा, हरीश.बी
245 ## - TITLE STATEMENT
Statement of responsibility, etc हरीश बी.शर्मा
Title फिर मैं फिर से फिर कर आता
246 ## - VARYING FORM OF TITLE
Title proper/short title Phir Main Phir Se Phir Kar Aata
Remainder of title by Harish B. Sharma
260 ## - PUBLICATION, DISTRIBUTION, ETC. (IMPRINT)
Place of publication, distribution, etc बीकानेर
Name of publisher, distributor, etc कामेश्वर प्रकाशन
Date of publication, distribution, etc 2006
270 ## - ADDRESS
Address तेलीवाडा चौक
Postal code 334005
City बीकानेर
Telephone number 0151 2524330
300 ## - PHYSICAL DESCRIPTION
Extent 80पृ
Dimensions 22 सेमी (सजिल्द)
650 ## - SUBJECT ADDED ENTRY--TOPICAL TERM
Topical term or geographic name as entry element Hindi poems
650 ## - SUBJECT ADDED ENTRY--TOPICAL TERM
Topical term or geographic name as entry element हिन्दी कविताएँ
942 ## - ADDED ENTRY ELEMENTS (KOHA)
Institution code [OBSOLETE] dpl
Koha item type Hindi Books
Call number prefix 821/ शर्माह
Source of classification or shelving scheme Dewey Decimal Classification
Classification part 821
Call number suffix शर्माह
Holdings
Withdrawn status Lost status Damaged status Not for loan Home library Current library Date acquired Cost, normal purchase price Total Checkouts Full call number Barcode Date last seen Copy number Uniform Resource Identifier Cost, replacement price Price effective from Koha item type
        D.B.Act.Division D.B.Act.Division 11/09/2008 95.00   821 शर्माह HN-51976 15/09/2008 1 3551 95.00 15/09/2008 Hindi Books

© Delhi Public Library
Hit Counter
free hit counter